000
00309nam a2200133Ia 4500
100
_a
Nair/Somanathan B
942
_c
BK
654
_a
Digital Electronics
245
_a
Digital electronics and Logic design
260
_b
Prentice Hall
_c
2002
082
_a
621.395
_b
NAI
300
_a
434
546
_a
ENGLISH
999
_c
32315
_d
32315